El pensamiento griego y los orígenes del espíritu científico

Gardado en:
Detalles Bibliográficos
Autor Principal: Robin, León (Author)
Formato: Libro
Idioma:Lingua castelá
Publicado: Barcelona Cervantes 1926
Series:La evolución de la humanidad. Síntesis Colectiva, 13
Subjects:
Tags: Engadir etiqueta
Sen Etiquetas, Sexa o primeiro en etiquetar este rexistro!

MARC

LEADER 00000nam a2200000 a 4500
001 UCZ6088
003 CL-VaPUC
008 951201e19260000SP |||||||||||||||||spa|d
082 0 4 |a 182  |b ROB  |2 21 
100 0 |a Robin, León  |e author  |9 350299 
245 1 3 |a El pensamiento griego y los orígenes del espíritu científico 
300 |a 535 p 
942 |c BK 
945 |d 19951201 00:00:00  |a lriquelm 
260 |a Barcelona  |b Cervantes  |c 1926 
650 0 |a Filosofía griega  |9 265579 
650 0 |a Escuelas filosóficas   |9 266232 
650 0 |a Filosofía de las ciencias  |9 256466 
650 0 |a Teoría del conocimiento   |9 255038 
583 |a last modification  |c 19951201 00:00:00  |k Rodrigo Vera 
490 0 |a La evolución de la humanidad. Síntesis Colectiva, 13 
999 |c 242347  |d 242345 
952 |0 0  |1 0  |4 0  |6 182_000000000000000_ROB_1926  |7 0  |8 P  |9 255210  |a BIBEDU  |b BIBEDU  |c BIBEDU_PB  |d 2019-11-19  |i 1600656  |l 1  |o 182 ROB 1926  |p 1600656  |r 2024-01-25  |s 2023-03-29  |w 2019-11-19  |y BK  |k FIL